[Event "Manisa Yunusemre IM Norm 2019"]
[Site "Manisa"]
[Date "2019.05.03"]
[Round "8.5"]
[White "Ozen, Bahadir"]
[Black "Guseynov, Alihan"]
[Result "1-0"]
[WhiteElo "2328"]
[BlackElo "2340"]
[Annotator "NA"]
[PlyCount "75"]
[EventDate "2019.04.30"]
[EventCountry "TUR"]
[SourceTitle "playchess.com"]
[Source "ChessBase"]
[SourceQuality "1"]
[TimeControl "5400+30"]

1. Nf3 {[%emt 0:00:30]} Nf6 {[%emt 0:01:30]} 2. c4 {[%emt 0:00:30]} c6 {[%emt 0:01:30]} 3. d4 {[%emt 0:03:30]} d5 {[%emt 0:01:30]} 4. cxd5 {[%emt 0:00:30]} cxd5 {[%emt 0:00:00]} 5. Nc3 {[%emt 0:00:30]} Nc6 {[%emt 0:01:00]} 6. Bf4 {[%emt 0:01:30]} Bf5 {[%emt 0:03:30]} 7. e3 {[%emt 0:01:30]} e6 {[%emt 0:00:00]} 8. Qb3 {[%emt 0:06:30]} Bb4 {[%emt 0:07:00]} 9. Ne5 {[%emt 0:03:30] D14: Slav Defence: Exchange variation with ...Bf5} Qb6 {[%emt 0:09:30]} 10. Nxc6 {[%emt 0:03:30]} bxc6 {[%emt 0:00:30]} 11. Be2 {[%emt 0:09:30]} Ne4 {[%emt 0:10:30]} 12. f3 {[%emt 0:02:30]} Nxc3 {[%emt 0:10:30]} 13. bxc3 {[%emt 0:00:30]} Be7 {[%emt 0:00:30]} 14. c4 {[%emt 0:07:30]} Qxb3 {[%emt 0:10:30]} 15. axb3 {[%emt 0:00:30]} c5 {[%emt 0:00:00] [#]} 16. g4 $146 {[%emt 0:11:30]} ({Predecessor:} 16. cxd5 exd5 {1-0 (41) Rakhmanov,A (2627)-Ali Marandi,C (2540) Ankara 2018}) 16... Bg6 {[%emt 0:06:00]} 17. cxd5 {[%emt 0:03:30]} exd5 {[%emt 0:00:30]} 18. Bb5+ {[%emt 0:00:30]} Kf8 {[%emt 0:00:30]} 19. Ke2 {[%emt 0:05:30]} f6 {[%emt 0:05:30]} 20. dxc5 {[%emt 0:10:30]} Bxc5 {[%emt 0:00:30]} 21. Rhc1 {[%emt 0:00:00]} Bb6 {[%emt 0:01:30]} 22. Bd6+ {[%emt 0:01:00]} Kg8 {[%emt 0:00:30]} 23. Bc6 {[%emt 0:01:30]} Rd8 {[%emt 0:00:30]} 24. Bxd5+ {[%emt 0:00:00]} Bf7 {[%emt 0:00:30]} 25. Bc7 {[%emt 0:11:08]} Re8 {[%emt 0:04:30]} 26. Bxf7+ {[%emt 0:01:45]} Kxf7 {[%emt 0:00:00]} 27. Bxb6 {[%emt 0:00:06]} axb6 {[%emt 0:00:00]} 28. Rc7+ {[%emt 0:00:33]} Kg6 {[%emt 0:00:30]} 29. Raa7 {[%emt 0:00:12]} Rhg8 {[%emt 0:00:30]} 30. Rab7 {[%emt 0:00:12]} Rc8 {[%emt 0:00:00]} 31. Rc4 {[%emt 0:02:11]} Rb8 {[%emt 0:02:00]} 32. Rxb8 {[%emt 0:00:50]} Rxb8 {[%emt 0:00:00]} 33. b4 {[%emt 0:00:16]} h5 {[%emt 0:01:00]} 34. gxh5+ $18 {[%emt 0:01:22]} Kxh5 {[%emt 0:00:00]} 35. b5 {[%emt 0:00:13]} Ra8 {[%emt 0:00:00]} 36. Rc6 {[%emt 0:00:25]} Ra2+ {[%emt 0:00:30]} 37. Kd3 {[%emt 0:00:24]} Rxh2 {[%emt 0:00:00]} 38. Rxb6 {[%emt 0:00:04]} 1-0

[Event "Manisa Yunusemre IM Norm 2019"]
[Site "Manisa"]
[Date "2019.05.04"]
[Round "10.1"]
[White "Metin, Oguz"]
[Black "Simantsev, Mikhail"]
[Result "1/2-1/2"]
[WhiteElo "2058"]
[BlackElo "2395"]
[Annotator "TA"]
[PlyCount "72"]
[EventDate "2019.04.30"]
[EventCountry "TUR"]
[SourceTitle "playchess.com"]
[Source "ChessBase"]
[SourceQuality "1"]

{[%evp 17,72,0,25,14,22,24,17,14,35,3,10,0,0,0,0,0,0,0,12,-8,0,0,7,0,0,0,0,0,0,-39,-34,-44,-42,-33,0,-20,0,0,2760,2495,2211,0,0,-30,279,0,187,-22,-10,-47,-32,-71,-50,-157,-73,-866,-52]} 1. e4 c5 2. Nf3 e6 3. d3 Nc6 4. g3 d5 5. Nbd2 Bd6 6. Bg2 Nge7 7. O-O O-O 8. c3 a5 9. Re1 Bc7 10. a4 {A08: King's Indian Attack} b6 11. exd5 Nxd5 (11... exd5 12. Nb1 Bg4 13. Na3 d4 14. Nb5 dxc3 15. bxc3 Rc8 16. Ba3 Qd7 17. d4 cxd4 18. Bxe7 Nxe7 19. Qxd4 Qxd4 20. cxd4 {½-½ (26) Vaganian,R (2645)-Sokolov,A (2595) Minsk 1986}) 12. Nc4 $146 {The position is equal.} ({Predecessor:} 12. Nb3 Bb7 13. d4 cxd4 14. Nbxd4 Rc8 15. Nxc6 Bxc6 16. Nd4 Ba8 17. Nb5 Bb8 {½-½ (39) Stella,L (2103)-Zozulia,A (2377) Biella 2011}) 12... Ba6 13. Bg5 Qd7 14. Qb3 h6 15. Be3 Nxe3 16. Rxe3 Rab8 17. Na3 Ne7 ({Don't go for} 17... Bxd3 $2 18. Rd1 $18) 18. Rd1 Rfd8 19. Nb5 Rbc8 20. Nxc7 (20. Ree1 {seems wilder.} Nf5 21. h3 Bb8 22. Nd2 Nd6 23. Nc4) 20... Qxc7 21. Ne5 Rd6 22. Qc2 Rcd8 {next ...f6 is good for Black.} 23. Ree1 f6 24. Nc4 Bxc4 $1 25. dxc4 e5 26. Bf3 Qc8 27. Rxd6 Qd7 $2 {[%mdl 8192] [#]} (27... Rxd6 $11 28. Bh5 Qf5 29. Qxf5 Nxf5) 28. Bd5+ Kh8 29. Be4 $2 ({Only move:} 29. Rxd7 $18 Rxd7 30. Qb3 Nxd5 31. cxd5) 29... Qxd6 $11 30. Qb3 Qd7 $2 {[%mdl 8192]} (30... f5 $11 31. Bf3 e4) 31. Bd5 $2 {[#]} (31. Qxb6 $18 Rc8 32. Qxa5) 31... f5 $2 (31... Qc7 $11 {and Black has nothing to worry.}) 32. Qb5 $2 ({Don't take} 32. Qxb6 $6 Nxd5 33. cxd5 Qxd5 $16) (32. Rxe5 $18 Qc7 33. f4) 32... Qd6 33. Bf7 Kh7 34. Qa6 Qf6 35. Bd5 (35. Bh5 $15) 35... e4 ({Black should try} 35... Nxd5 36. cxd5 Rxd5) 36. Qa8 $2 {[%mdl 8192]} (36. Qb7 $17) 36... Qd6 $2 {Accuracy: White = 29%, Black = 36%.} (36... Rxa8 $19 37. Bxa8 Qd6) 1/2-1/2

[Event "Manisa Yunusemre IM Norm 2019"]
[Site "Manisa"]
[Date "2019.05.04"]
[Round "10.2"]
[White "Nalbant, Tuna Onat"]
[Black "Morozov, Nichita"]
[Result "1/2-1/2"]
[WhiteElo "2354"]
[BlackElo "2398"]
[Annotator "TA"]
[PlyCount "60"]
[EventDate "2019.04.30"]
[EventCountry "TUR"]
[SourceTitle "playchess.com"]
[Source "ChessBase"]
[SourceQuality "1"]

{[%evp 20,60,8,-7,0,-5,-6,-10,8,0,0,0,0,-11,0,0,5,-18,14,14,14,5,0,0,0,-8,-7,-11,0,-24,0,-20,0,-17,-14,-18,-5,-15,-12,-12,0,-19,-8]} 1. d4 d5 2. Nf3 Nf6 3. c4 c6 4. cxd5 cxd5 5. Nc3 Nc6 6. Bf4 a6 7. e3 Bf5 8. Bd3 Bxd3 9. Qxd3 e6 10. O-O Bd6 11. Bg3 O-O {D14: Slav Defence: Exchange variation with ...Bf5} 12. a3 (12. Rfc1 Bxg3 13. hxg3 Rc8 14. Ne2 Ne4 15. a3 Qd6 16. Rc2 Na7 17. Rac1 Rxc2 18. Rxc2 Rc8 19. Rxc8+ Nxc8 20. Nd2 Nxd2 {½-½ (20) Nguyen,V (2452)-Tu,H (2414) Ho Chi Minh City 2015}) 12... Bxg3 13. hxg3 Nd7 $146 ({Predecessor:} 13... b5 14. b4 {½-½ (14) Zaw,O (2259)-Nay,O (2280) Yangon 2014}) 14. Rac1 Rc8 15. Na4 Na5 16. Rc3 Rxc3 17. Qxc3 Nc4 18. Nd2 Nxd2 19. Qxd2 Qb8 20. Rc1 Rc8 21. Rxc8+ Qxc8 22. Qc3 Qxc3 23. Nxc3 $11 {[%mdl 4096] Endgame KN-KN} Kf8 24. Kf1 Ke7 25. Ke2 {The position is equal.} Kd6 26. Kd3 h5 27. b3 g6 28. Ne2 Nf6 29. Nc3 Nd7 30. Ne2 Nb8 {Accuracy: White = 40%, Black = 42%.} 1/2-1/2

[Event "Manisa Yunusemre IM Norm 2019"]
[Site "Manisa"]
[Date "2019.05.04"]
[Round "10.3"]
[White "Ozen, Bahadir"]
[Black "Kukov, Velislav"]
[Result "1-0"]
[WhiteElo "2328"]
[BlackElo "2371"]
[Annotator "TA"]
[PlyCount "55"]
[EventDate "2019.04.30"]
[EventCountry "TUR"]
[SourceTitle "playchess.com"]
[Source "ChessBase"]
[SourceQuality "1"]

{[%evp 30,55,17,27,5,19,27,26,132,148,144,145,135,132,235,232,239,218,168,168,166,166,1411,1408,1122,1194,5165,5097]} 1. Nf3 d5 2. d4 Nf6 3. c4 e6 4. Nc3 c5 5. cxd5 Nxd5 6. e4 Nxc3 7. bxc3 cxd4 8. cxd4 Bb4+ 9. Bd2 Bxd2+ 10. Qxd2 O-O 11. Bc4 Nc6 12. O-O b6 13. Rad1 Na5 14. Bd3 Bb7 15. Rfe1 Rc8 16. d5 exd5 {D41: Queen's Gambit Declined: Semi-Tarrasch with 5 cxd5} (16... Rc5 17. Qf4 h6 18. h4 exd5 19. e5 Bc8 20. Nd4 Nc6 21. Nf5 Bxf5 22. Qxf5 g6 23. Qg4 Kg7 24. f4 {½-½ (36) Sunilduth Lyna,N (2524)-Lysyj,I (2643) Moscow 2017}) 17. e5 Nc4 18. Qf4 Nb2 (18... g6 $11 {keeps the balance.}) 19. Bxh7+ $1 $16 Kxh7 20. Ng5+ $1 Kg6 21. h4 $1 {[%cal Rh4h5] And now h5+! would win.} Qe7 ({Avoid the trap} 21... Nxd1 $2 22. h5+ $1 {[%mdl 512]} Kh6 23. Ne6+ Kh7 24. Nxd8 $18) (21... Rc4 $16 22. h5+ Kh6 23. Nxf7+ {[%mdl 64] Double Attack} Kh7 24. Qf5+ Kg8) 22. e6 $1 $18 f5 {[#]} (22... Nxd1 23. h5+ $1 {[%mdl 512]} Kh6 24. Nxf7+ Kh7 25. Qf5+ Kg8 26. h6 $18) 23. h5+ $146 {[%mdl 512]} ({Predecessor:} 23. Nf7 Rxf7 24. exf7 {0-1 (33) Neubauer,B-Drosson,F GER email 1999}) 23... Kxh5 {[#]} 24. Nf7 $1 {[%mdl 512]} Rxf7 25. exf7 Qxf7 $2 (25... Qf6) 26. g4+ {White is clearly winning.} Kg6 {[#]} 27. Qh2 $1 {[%cal Rh2h5][%mdl 512] Qh5+ would kill now.} fxg4 {[#]} 28. Re5 $1 {[%mdl 512] Accuracy: White = 100%, Black = 36%.} 1-0

[Event "Manisa Yunusemre IM Norm 2019"]
[Site "Manisa"]
[Date "2019.05.04"]
[Round "10.4"]
[White "Akin, Kadir"]
[Black "Mammadova, Narmin"]
[Result "1-0"]
[WhiteElo "2033"]
[BlackElo "2292"]
[Annotator "TA"]
[PlyCount "101"]
[EventDate "2019.04.30"]
[EventCountry "TUR"]
[SourceTitle "playchess.com"]
[Source "ChessBase"]
[SourceQuality "1"]

{[%evp 20,101,-12,-17,-11,0,0,-4,0,0,12,7,14,16,40,34,59,43,41,0,28,28,32,15,32,29,46,54,48,0,33,23,56,31,56,32,38,29,34,29,49,36,73,62,119,122,126,131,115,110,139,139,157,121,121,121,127,108,133,103,114,103,120,49,111,78,118,109,138,97,100,0,142,120,187,185,194,191,570,542,522,523,496,486]} 1. e4 c6 2. d4 d5 3. exd5 cxd5 4. Bd3 Nc6 5. c3 Nf6 6. Bf4 g6 7. Nd2 Bg7 8. Ngf3 O-O 9. O-O Nh5 10. Bg3 Nxg3 11. hxg3 a6 {B13: Caro-Kann: Exchange Variation and Panov-Botvinnik Attack} (11... f6 12. c4 dxc4 13. Bxc4+ Kh8 14. Nb3 Bg4 15. Qd2 Qb6 16. Nh2 Bf5 17. g4 Bd7 18. Rad1 Rad8 19. Rfe1 {½-½ (41) Khouri,I (2229)-Adly,A (2594) Marrakesh 2014}) 12. Re1 Qd6 $146 ({Predecessor:} 12... b5 13. Nb3 Qd6 14. a3 f6 15. Qd2 Rb8 16. Rad1 {0-1 (51) Minnema,R (1837)-Makka,I (2167) Caleta 2018}) 13. Qe2 Bg4 {The position is equal.} 14. Qe3 Rac8 15. Qf4 Qxf4 16. gxf4 Bh6 17. g3 f6 18. Nh2 Bh3 19. Ndf1 Rcd8 (19... e5 $5) 20. Ne3 Bc8 21. Rad1 e6 22. Nf3 Rf7 23. Kg2 Bf8 24. g4 Kg7 25. f5 e5 {[#] aiming for ...e4.} 26. dxe5 Nxe5 27. Bc2 Nxf3 28. Kxf3 Rfd7 29. Bb3 $36 {[%cal Rb3d5][%mdl 2048] Black is under pressure.} b5 30. Nc2 Rd6 31. Nd4 Kf7 ({Black should play} 31... Rb6 $14) 32. Rh1 $16 Kg8 33. Bc2 g5 34. Bb3 Bb7 35. Rhe1 Rc8 36. Kg3 Rd7 37. Re6 Bd6+ 38. Kh3 Kg7 39. Rde1 {[#] Black must now prevent Rxd6!} Kf7 40. a3 Bc5 41. Rd1 (41. Kg3 $16) 41... Kg7 (41... Rh8 $14) 42. f3 Kf7 43. Kg2 Kg7 44. Kf2 Rh8 45. Kg2 Rc8 $1 46. Re2 Kf7 (46... Bxd4 $16 47. Rxd4 Rh8) 47. Ne6 $18 Be7 48. Red2 Rc6 $2 (48... a5 49. Bxd5 Bxd5) 49. Rxd5 {White is clearly winning.} Rxd5 50. Bxd5 ({Weaker is} 50. Rxd5 Ke8 $16) 50... Rd6 51. Nd8+ {[%mdl 64] Double Attack, Discovered Attack (Double check). Accuracy: White = 49%, Black = 32%.} 1-0

[Event "Manisa Yunusemre IM Norm 2019"]
[Site "Manisa"]
[Date "2019.05.04"]
[Round "10.5"]
[White "Abdullayev, Azer"]
[Black "Guseynov, Alihan"]
[Result "0-1"]
[WhiteElo "2057"]
[BlackElo "2340"]
[Annotator "TA"]
[PlyCount "64"]
[EventDate "2019.04.30"]
[EventCountry "TUR"]
[SourceTitle "playchess.com"]
[Source "ChessBase"]
[SourceQuality "1"]

{[%evp 18,74,-30,-37,-17,-29,-29,-28,-28,-27,-18,-11,-13,-52,-10,-42,0,0,0,-12,6,-5,-4,-10,-12,-27,0,-14,-9,-33,-36,-32,-21,-37,-30,-75,-75,-71,-68,-65,-65,-72,-78,-215,-229,-377,-395,-466,-465,-1418,-1404,-1331,-1539,-29987,-29988,-29990,-29991,-29994,-412]} 1. d4 g6 2. c4 Bg7 3. Nc3 c5 4. e3 Nf6 5. Nf3 O-O 6. Be2 cxd4 7. exd4 d5 8. cxd5 Nxd5 9. O-O Nc6 10. h3 b6 {A35: Symmetrical English: 2 Nc3 Nc6 3 Nf3} 11. Re1 Bb7 12. Bc4 $146 ({Predecessor:} 12. Bf1 h6 13. Bc4 Nf6 14. Bf4 e6 15. Nb5 Ne8 16. Rc1 a6 17. Nc3 Nxd4 18. Nxd4 Bxd4 {½-½ (32) Epishin,V (2613)-Zvjaginsev,V (2641) St Petersburg 2009}) 12... Nxc3 {Black has an edge.} 13. bxc3 Rc8 {Strongly threatening ...Nxd4.} 14. Ba3 Rc7 15. Qe2 Qc8 16. Bb5 {next d5 is good for White.} a6 17. Ba4 Qf5 18. Qb2 Qa5 19. Bc2 Rfc8 {aiming for ...Nxd4!} 20. Be4 e6 21. Nd2 {Threatening Nc4.} Ne7 22. Bb4 Qb5 23. a4 Qd7 $1 24. Bxe7 Qxe7 25. Qxb6 Bh6 26. Nb3 Bxe4 27. Rxe4 Rxc3 28. Nc5 Bg7 $36 {[%cal Rc3c5][%mdl 2048] Black has some pressure.} 29. Qxa6 Rd8 {...Rxc5 is the strong threat.} 30. Rb1 (30. Qb7 $17 Qxb7 31. Nxb7) 30... Bxd4 $19 31. Nb7 (31. Nb3 {only move.} Ba7 32. Rc4) 31... Rd7 32. Re2 Rd5 {Played: Qe7-g5} 0-1